| 000 | 00629nam a22002171a 4500 | ||
|---|---|---|---|
| 001 | 495172 | ||
| 005 | 20131118154742.0 | ||
| 008 | 801211s1960 enk 000 0 eng d | ||
| 015 | _aGB60-18520 | ||
| 020 | _a0954416X | ||
| 035 | _a(OCoLC)ocm07031006 | ||
| 040 |
_aTMN _cTMN _dUKM |
||
| 110 | 2 | _aUniversity of London. School of Oriental | |
| 245 | 1 | 0 |
_aAfrican language studies. _h[Text] |
| 260 |
_a[London] _bSchool of Oriental and A _c1970 |
||
| 300 | _a2 v. | ||
| 440 | 0 | _aCollected papers in Oriental and African | |
| 500 | _aEdited by M. Guthrie. | ||
| 650 | 0 | _aAfrican languages. | |
| 700 | 1 |
_aGuthrie, Malcolm, _d1903- |
|
| 999 |
_c42899 _d42875 |
||